000 00300nam a2200121 i 4500
001 bg
245 0 _aLaboratorium z informatyki :
_bzbiór zadań, algorytmów i programów.
260 _aGdynia,
_c1977.
040 _cBPK
041 _apol
942 _cKS
008 s pl f |000 0 pol
999 _c27638
_d27638
856 _uhttp://koha.tu.koszalin.pl/cgi-bin/koha/opac-detail.pl?biblionumber=27638
_yKatalog online BPK